Quick Pick: 1-Point Scrabble Letters Quiz Stats

Quiz Updated Feb 29, 2016

Challenge
Share
Tweet
Embed
Score 0/10 Timer 00:30
3 Plays Today
% Correct
A
96.4%
E
95.7%
I
91.9%
S
90.3%
O
89.6%
T
87.7%
R
78.9%
N
68.8%
U
66%
L
59.7%

Today's Daily Dose

Missing Word
The Killers Songs

Word Ladder
1967 Film

Quick Pick
Flag Names

On This Day
February 24th II

You're not logged in!

Compare scores with friends on all Sporcle quizzes.
Sign Up with Email
OR
Log In

You Might Also Like...

Show Comments

Extras

Top Quizzes Today


Score Distribution

Your Account Isn't Verified!

In order to create a playlist on Sporcle, you need to verify the email address you used during registration. Go to your Sporcle Settings to finish the process.